书目信息 |
| 题名: |
冷阴极电子管
|
|
| 作者: | 鲍尔赫瓦尔德特 著 ;于闻 译 | |
| 分册: | ||
| 出版信息: | 北京 人民邮电出版社 1956 |
|
| 页数: | 66页 | |
| 开本: | 20cm | |
| 丛书名: | ||
| 单 册: | ||
| 中图分类: | TN11 | |
| 科图分类: | ||
| 主题词: | 电子管 | |
| 电子资源: | ||
| ISBN: | ||
| 000 | 00652nam0 2200217 450 | |
| 001 | 0658701750 | |
| 005 | 20060425162148.78 | |
| 010 | @dCNY0.26 | |
| 100 | @a20060425d1956 km y0chiy0120 ea | |
| 101 | 0 | @achi@crus |
| 102 | @aCN@b110000 | |
| 102 | @aCN@b110000 | |
| 200 | 1 | @a冷阴极电子管@Aleng yin ji dian zi guan@f(苏)Г·К·鲍尔赫瓦尔德特著@F(su)Г·К·bao er he wa er de te zhu@g于闻译@Gyu wen yi |
| 210 | @a北京@c人民邮电出版社@d1956 | |
| 215 | @a66页@d20cm | |
| 606 | 0 | @a电子管 |
| 690 | @aTN11@v3 | |
| 701 | 0 | @a鲍尔赫瓦尔德特@Abao er he wa er de te@4著 |
| 702 | 0 | @a于闻@Ayu wen@4译 |
| 801 | 0 | @aCN@bPFT@c20060425 |
| 905 | @a10447@dTN11@e14 | |
| 冷阴极电子管/(苏)Г·К·鲍尔赫瓦尔德特著/于闻译.-北京:人民邮电出版社,1956 |
| 66页;20cm |
| ISBN :CNY0.26 |
| ● |
| 相关链接 |
|
|
|
|
正题名:冷阴极电子管
索取号:TN11/14
 
预约/预借
| 序号 | 登录号 | 条形码 | 馆藏地/架位号 | 状态 | 备注 |
| 1 | 0018110 | 202288112 | 密集书库/ [索取号:TN11/14] | 在馆 |